00801nam a2200205 a 4500003000200000005001700002008004100019050002700060100001900087245009900106260009100205300003700296504004100333650004700374650003300421650002400454650004100478650004300519650003300562020250210090750.0120723s19uu xx 00 eng d aPGS LB 3609b.J33 2012 aJang, Jae Hyo. aLiving arrangement and perception on studying abroad of grade 6 SISC students /cJae Hyo Jang. aLas Piñas City, Philippines :bSouthville International School and Colleges, c2012. a30 p.billustrations ; c28 cm.  aIncludes bibliographical references. aStudentsvHousing—Psychological aspects. aStudentsvSocial conditions. aStudent adjustment. aStudy abroadvPsychological aspects. aFamily structurevEducational aspects. aEducation and globalization.